000 01015 a2200289 4500
005 20260114105000.0
008 260114b |||||||| |||| 00| 0 eng d
041 _aFr
044 _aCIV
090 _bDG/N/4001
100 _aKOUAKOU, Niannou Andrea Berenice
110 _aCentre National de Recherche Agronomique
110 _bCote d'Ivoire
245 _aEvolution des infestations d'oryctes monoceros Olivier (Dynastidae) sur deux parcelles de gradient d'ages differents de cocotier :
_bCOCOS nucifera linne (Arecaceae) de 2021 a 2024 a la Station Marc Delorme du CNRA de Port Bouet (Sud, Cote d'Ivoire)
260 _aAbidjan
260 _bCNRA
260 _bUFHB
260 _cSept 2025
302 _a64 p.
388 _a2026-01-14
650 _2AGROVOC
_g cocotier
650 _g Oryctes monoceros
_2AGROVOC
650 _g Infestation
_2AGROVOC
650 _g Pheromone
_2AGROVOC
650 _g Climat.
_2AGROVOC
856 _uhttps://ftech.byethost7.com/wp-content/uploads/2026/01/DGN4001.pdf
999 _c6000
_d6000